000 00481nam a2200133Ia 4500
008 100328s9999 xx 000 0 und d
082 _b64211
100 _aघाणेकर माुसूदन.
245 _aतुमचा हात तुम्हीच पहा.
260 _bइंद्रायणी.
630 _aतुमचा हात तुम्हीच पहा.
730 _aतुमचा हात तुम्हीच पहा.
942 _cBOOK
999 _c550017
_d550014